Statistics for Types of monarchies

Click here to take the quiz!

General Stats

  • This quiz has been taken 48 times
  • The average score is 9 of 12

Answer Stats

HintAnswer% Correct
KingKingdom
100%
EmirEmirate
98%
CaliphCaliphate
96%
EmperorEmpire
96%
SultanSultanate
82%
DukeDuchy
80%
KhanKhanate
80%
TsarTsardom
71%
PrincePrincipality
64%
ChiefTribe
49%
ViceroyViceroyalty
42%
FonFondom
16%

Score Distribution

Percentile by Number Answered

Percent of People with Each Score

Your Score History

You have not taken this quiz